उन दिनों कश्मीर/ (Record no. 202105)
[ view plain ]
| 000 -LEADER | |
|---|---|
| fixed length control field | 01012nam a22001817a 4500 |
| 005 - DATE AND TIME OF LATEST TRANSACTION | |
| control field | 20240604170305.0 |
| 010 ## - LCCN (DPL NO) | |
| LC control number | HIN-127323 |
| 020 ## - INTERNATIONAL STANDARD BOOK NUMBER | |
| International Standard Book Number | 9789355001313 |
| Terms of availability | 699.00 |
| 035 ## - SYSTEM CONTROL NUMBER | |
| System control number | HN-99669 |
| 037 ## - SOURCE OF ACQUISITION | |
| Source of stock number/acquisition | DBAD |
| 082 ## - DEWEY DECIMAL CLASSIFICATION NUMBER | |
| Classification number | उ |
| 100 ## - MAIN ENTRY--PERSONAL NAME | |
| Personal name | कौल, क्षमा |
| 245 ## - TITLE STATEMENT | |
| Title | उन दिनों कश्मीर/ |
| Statement of responsibility, etc | क्षमा कौल |
| 260 ## - PUBLICATION, DISTRIBUTION, ETC. (IMPRINT) | |
| Place of publication, distribution, etc | महाराष्ट्र ,दिल्ली |
| Name of publisher, distributor, etc | प्रलेक प्रकाशन प्रा. लि. |
| Date of publication, distribution, etc | 2022 |
| 270 ## - ADDRESS | |
| Address | मुख्य कार्यालय: 702, जे-50, ग्लोबल सिटी, विरार (वेस्ट), मुम्बई, महाराष्ट्र-401303 |
| -- | दिल्ली कार्यालय : ए-107 जैतपुर एक्स., पार्ट-1, बदरपुर, नई दिल्ली-110044 |
| Telephone number | 7021263557 |
| Electronic mail address | pralek.prakashan@gmail.com |
| 300 ## - PHYSICAL DESCRIPTION | |
| Extent | 316पृ. |
| Dimensions | 22 सेमी (सजिल्द) |
| 942 ## - ADDED ENTRY ELEMENTS (KOHA) | |
| Source of classification or shelving scheme | Dewey Decimal Classification |
| Item type | Hindi Books |
| Classification part | उ |
| Call number suffix | कौलक्ष |
| Withdrawn status | Lost status | Not for loan | Collection code | Home library | Current library | Date acquired | Source of acquisition | Cost, normal purchase price | Full call number | Barcode | Copy number | Cost, replacement price | Koha item type |
|---|---|---|---|---|---|---|---|---|---|---|---|---|---|
| Fiction | Ashok Vihar | Ashok Vihar | 10/04/2024 | DBAD | 699.00 | उ कौलक्ष | HN-99669 | 1 | 699.00 | Hindi Books |
